000 00343nam a2200145Ia 4500
005 20251222152011.0
008 251222s9999||||xx |||||||||||||| ||spa||
020 _a8481741973
082 _a616.075/S79
100 _aS.Stein, Elisabeth
245 0 _aDiagnóstico por Imagen:
250 _a1ra.ed.
264 _bHarcourt Brace
942 _cLIB
999 _c24917
_d24917